[Event "SVK Extraliga 2018/2019"]
[Site "?"]
[Date "2018.11.10"]
[Round "1.3"]
[White "Druska, Juraj"]
[Black "Haring, Filip"]
[Result "0-1"]
[WhiteElo "2443"]
[BlackElo "2258"]
[PlyCount "88"]
[EventDate "2018.??.??"]

1. e4 c5 2. Nf3 e6 3. d4 cxd4 4. Nxd4 a6 5. Bd3 Bc5 6. Nb3 Ba7 7. Qg4 Nf6 8.
Qg3 Nc6 9. Nc3 d6 10. Bg5 h6 11. Bd2 Ne5 12. O-O-O g5 13. Be2 Ng6 14. Be3 Bb8
15. f3 b5 16. Qf2 Bd7 17. a3 Bc7 18. g3 Bc6 19. h4 g4 20. h5 Ne5 21. f4 Nc4 22.
Bd4 Rg8 23. Rhe1 Qe7 24. Bd3 O-O-O 25. a4 Nd7 26. Nd2 Nxd2 27. Qxd2 Ba5 28. Qe2
Nc5 29. Bxc5 dxc5 30. axb5 Bxc3 31. bxc3 axb5 32. Bxb5 Qa7 33. Kb2 Kc7 34. Rxd8
Rxd8 35. Ra1 Qb7 36. c4 Rd4 37. Ra3 Rxe4 38. Qd2 Rxc4 39. Qa5+ Kc8 40. Rb3 Bxb5
41. Rxb5 Rb4+ 42. Rxb4 Qxb4+ 43. Qxb4 cxb4 44. c3 f5 0-1

[Event "SVK Extraliga 2018/2019"]
[Site "?"]
[Date "2018.11.10"]
[Round "1.5"]
[White "Mikrut, Dariusz"]
[Black "Tropp, Oliver"]
[Result "1-0"]
[WhiteElo "2372"]
[BlackElo "2209"]
[PlyCount "77"]
[EventDate "2018.??.??"]

1. d4 e6 2. Nf3 Nf6 3. g3 b5 4. Bg2 Bb7 5. c3 c5 6. O-O Qb6 7. Nbd2 c4 8. a4 a6
9. b3 d5 10. Ne5 Be7 11. axb5 cxb3 12. Qxb3 axb5 13. Rxa8 Bxa8 14. Ba3 Nc6 15.
Bxe7 Nxe7 16. Qa3 Qb7 17. Rb1 O-O 18. c4 b4 19. Rxb4 Qc7 20. Ra4 Bb7 21. c5 Nc6
22. Nxc6 Bxc6 23. Ra7 Qb8 24. e3 Ne4 25. Nxe4 Qb1+ 26. Bf1 dxe4 27. Qa1 Qb8 28.
Ra6 Bd5 29. Qc1 Rc8 30. Bc4 Bc6 31. Qa1 h5 32. h4 Qc7 33. Ra7 Qb8 34. Ra6 Qb4
35. Rxc6 Rxc6 36. Qa8+ Kh7 37. Qxc6 Qxc4 38. Qxe4+ g6 39. Qb7 1-0

[Event "SVK Extraliga 2018/2019"]
[Site "?"]
[Date "2018.11.10"]
[Round "1.6"]
[White "Hros, Roman"]
[Black "Jacko, Vladimir"]
[Result "1-0"]
[WhiteElo "2191"]
[BlackElo "2330"]
[PlyCount "79"]
[EventDate "2018.??.??"]

1. Nf3 Nf6 2. c4 d6 3. d4 g6 4. Nc3 Bf5 5. h3 Bg7 6. g4 Be6 7. Bg2 c6 8. b3 d5
9. Ng5 Bc8 10. Bb2 h6 11. Nf3 Be6 12. Ne5 Nbd7 13. f4 dxc4 14. bxc4 Nb6 15. Qd3
Qc7 16. Rc1 Rd8 17. d5 O-O 18. e4 Bc8 19. O-O Nfd7 20. Nxd7 Bxd7 21. e5 Bc8 22.
Qe2 cxd5 23. cxd5 Nc4 24. Nb5 Qb6+ 25. Bd4 Qxb5 26. Qxc4 Bd7 27. Qxb5 Bxb5 28.
Rf2 e6 29. d6 b6 30. Bb2 f6 31. Rc7 fxe5 32. Bxe5 Rd7 33. Rxd7 Bxd7 34. Rc2 Bb5
35. Rc7 Rf7 36. Rc8+ Rf8 37. Rc7 Rf7 38. Be4 g5 39. Bh7+ Kf8 40. Rc8+ 1-0

[Event "SVK Extraliga 2018/2019"]
[Site "?"]
[Date "2018.11.10"]
[Round "1.7"]
[White "Zambor, Norbert"]
[Black "Motycakova, Monika"]
[Result "1/2-1/2"]
[WhiteElo "2253"]
[BlackElo "2148"]
[PlyCount "43"]
[EventDate "2018.??.??"]

1. e4 e5 2. Nf3 Nc6 3. Bb5 a6 4. Ba4 Nf6 5. d4 exd4 6. O-O Be7 7. e5 Ne4 8.
Nxd4 Nxd4 9. Qxd4 Nc5 10. Nc3 O-O 11. Bg5 Nxa4 12. Bxe7 Qxe7 13. Nxa4 b6 14.
Nc3 Bb7 15. Rad1 Rfe8 16. f4 Rad8 17. Nd5 Bxd5 18. Qxd5 d6 19. Rfe1 dxe5 20.
Qxe5 Rxd1 21. Rxd1 Qxe5 22. fxe5 1/2-1/2

[Event "SVK Extraliga 2018/2019"]
[Site "?"]
[Date "2018.11.10"]
[Round "1.8"]
[White "Macko, Michal"]
[Black "Kusiak, Matej"]
[Result "0-1"]
[WhiteElo "2178"]
[BlackElo "2263"]
[PlyCount "68"]
[EventDate "2018.??.??"]

1. e4 d6 2. d4 Nf6 3. Nc3 Nc6 4. h3 e5 5. Nf3 exd4 6. Nxd4 Be7 7. Be3 O-O 8.
Qd2 d5 9. exd5 Nxd5 10. Nxd5 Qxd5 11. Nb5 Qe5 12. O-O-O Rd8 13. Qc3 Rxd1+ 14.
Kxd1 Qd5+ 15. Qd2 Qxa2 16. Nxc7 Rb8 17. Nd5 Be6 18. Nxe7+ Nxe7 19. b3 Rc8 20.
Bd3 Bxb3 21. cxb3 Qa1+ 22. Ke2 Qxh1 23. Qb4 Nd5 24. Qxb7 Rd8 25. Be4 Nc3+ 26.
Kf3 Qd1+ 27. Kg3 Nxe4+ 28. Qxe4 Qxb3 29. Kh2 a5 30. Qe7 Qd5 31. Bb6 Ra8 32. f4
a4 33. Bc5 h6 34. Bd6 Rc8 0-1

[Event "SVK Extraliga 2018/2019"]
[Site "?"]
[Date "2018.11.10"]
[Round "1.1"]
[White "Markos, Jan"]
[Black "Pechac, Jergus"]
[Result "0-1"]
[WhiteElo "2568"]
[BlackElo "2449"]
[PlyCount "74"]
[EventDate "2018.??.??"]

1. d4 e6 2. c4 b6 3. Nf3 Bb7 4. g3 Bb4+ 5. Bd2 Bxf3 6. exf3 Bxd2+ 7. Qxd2 Ne7
8. Nc3 O-O 9. Bg2 d5 10. cxd5 exd5 11. O-O Nd7 12. Rfe1 Re8 13. f4 c6 14. h4 g6
15. Bh3 f5 16. Re6 Kf7 17. Rae1 Nf6 18. R6e5 Qd6 19. Qe2 b5 20. Nb1 c5 21. dxc5
Qxc5 22. Nd2 Nc6 23. Nb3 Qb4 24. Re6 Rec8 25. Rxf6+ Kxf6 26. Qe6+ Kg7 27. Qd7+
Kh6 28. Rc1 Ne7 29. Rc3 d4 30. a3 Rd8 31. Qb7 dxc3 32. axb4 cxb2 33. Bxf5 Nxf5
34. g4 b1=Q+ 35. Kh2 Qxb3 36. g5+ Kh5 37. Qf3+ Qxf3 0-1

[Event "SVK Extraliga 2018/2019"]
[Site "?"]
[Date "2018.11.10"]
[Round "1.2"]
[White "Repka, Christopher"]
[Black "Mrva, Martin"]
[Result "1-0"]
[WhiteElo "2478"]
[BlackElo "2430"]
[PlyCount "55"]
[EventDate "2018.??.??"]

1. d4 Nf6 2. Nf3 g6 3. Nc3 Bg7 4. e4 d5 5. exd5 Nxd5 6. Nxd5 Qxd5 7. c4 Qd6 8.
Be2 Nc6 9. d5 Ne5 10. O-O O-O 11. Nd2 Bf5 12. g4 Bc8 13. f4 Nd7 14. Ne4 Qb6+
15. Kh1 e6 16. Qd3 exd5 17. cxd5 Re8 18. Be3 Qa5 19. Bf3 b6 20. Qc2 Bb7 21.
Rad1 Rac8 22. Bd4 Qxd5 23. Bxg7 Qxe4 24. Qc3 Nc5 25. Bh6 f6 26. Bxe4 Rxe4 27.
Kg1 Rce8 28. Qxf6 1-0

[Event "SVK Extraliga 2018/2019"]
[Site "?"]
[Date "2018.11.10"]
[Round "1.3"]
[White "Krak, Tomas"]
[Black "Kociscak, Jiri"]
[Result "1/2-1/2"]
[WhiteElo "2284"]
[BlackElo "2487"]
[PlyCount "79"]
[EventDate "2018.??.??"]

1. e4 e5 2. Nf3 Nc6 3. Bc4 Nf6 4. d3 Be7 5. O-O O-O 6. Re1 d6 7. a4 h6 8. a5 a6
9. h3 Be6 10. Nbd2 Qd7 11. c3 Rfe8 12. Qb3 Bxc4 13. Nxc4 Bf8 14. Ne3 Nd8 15.
Nd5 Nxd5 16. Qxd5 c6 17. Qb3 Ne6 18. Be3 Nc7 19. Bb6 Ne6 20. Be3 Rad8 21. Rad1
Qc8 22. c4 g6 23. Qa2 Bg7 24. b4 Qd7 25. Qb3 f5 26. Bb6 Rc8 27. exf5 gxf5 28.
d4 e4 29. Nh4 Qf7 30. d5 Ng5 31. dxc6 Rxc6 32. Rd5 Re5 33. Red1 Rxd5 34. Rxd5
Be5 35. c5 Kh7 36. Qd1 Qe6 37. Bd8 Nf7 38. Bb6 Ng5 39. Bd8 Nf7 40. Bb6 1/2-1/2

[Event "SVK Extraliga 2018/2019"]
[Site "?"]
[Date "2018.11.10"]
[Round "1.5"]
[White "Pcola, Pavol"]
[Black "Jurcik, Marian"]
[Result "1/2-1/2"]
[WhiteElo "2382"]
[BlackElo "2453"]
[PlyCount "26"]
[EventDate "2018.??.??"]

1. c4 e5 2. g3 Nf6 3. Bg2 d5 4. cxd5 Nxd5 5. Nc3 Nb6 6. Nf3 Nc6 7. a3 Be6 8.
O-O Qd7 9. b4 f6 10. Ne4 O-O-O 11. d3 Bh3 12. Qb3 Bxg2 13. Kxg2 Qd5 1/2-1/2

[Event "SVK Extraliga 2018/2019"]
[Site "?"]
[Date "2018.11.10"]
[Round "1.6"]
[White "Nayhebaver, Martin"]
[Black "Sepesi, Samuel"]
[Result "1-0"]
[WhiteElo "2462"]
[BlackElo "2205"]
[PlyCount "75"]
[EventDate "2018.??.??"]

1. e4 c5 2. Nf3 Nc6 3. d4 cxd4 4. Nxd4 g6 5. c4 Nf6 6. Nc3 d6 7. Nc2 Bg7 8. Be2
O-O 9. O-O Be6 10. Bg5 Nd7 11. Qd2 Qa5 12. Bh6 Bxh6 13. Qxh6 Nde5 14. Nd5 Rac8
15. Kh1 b5 16. cxb5 Bxd5 17. exd5 Nb4 18. Nxb4 Qxb4 19. Qe3 Rc2 20. b3 Rfc8 21.
Rac1 Qc5 22. Rxc2 Qxc2 23. Bd1 Qc5 24. Qxc5 Rxc5 25. f4 Nd3 26. Be2 Rxd5 27.
Kg1 Nb4 28. a3 Nc2 29. a4 Rd2 30. Rf2 Ne3 31. Bf3 Rd3 32. Rb2 Rc3 33. Kf2 Nc2
34. a5 Nd4 35. b6 axb6 36. axb6 Rc5 37. b7 Rb5 38. Ra2 1-0

[Event "SVK Extraliga 2018/2019"]
[Site "?"]
[Date "2018.11.10"]
[Round "1.7"]
[White "Pcola, Jaroslav st."]
[Black "Zvarik, Martin"]
[Result "1/2-1/2"]
[WhiteElo "2113"]
[BlackElo "2329"]
[PlyCount "69"]
[EventDate "2018.??.??"]

1. e4 e5 2. Nf3 Nc6 3. Bc4 Be7 4. O-O d6 5. c3 Nf6 6. d3 O-O 7. a4 Qe8 8. Re1
Bd8 9. a5 Ne7 10. Nbd2 c6 11. Nf1 Kh8 12. Bb3 Bc7 13. Ng3 Nfg8 14. d4 Ng6 15.
dxe5 dxe5 16. Bc4 Nf4 17. Qb3 Qe7 18. Be3 Nh6 19. Qa3 Bd6 20. b4 Ng4 21. Bc5
Bxc5 22. bxc5 f5 23. h3 fxe4 24. Rxe4 Nxh3+ 25. gxh3 Rxf3 26. hxg4 Qh4 27. Bf1
Bxg4 28. Bg2 Rxf2 29. Kxf2 Qh2 30. Rxg4 Rf8+ 31. Ke3 Qxg2 32. Rf1 Rxf1 33. Nxf1
Qxg4 34. Qb3 Qg1+ 35. Ke4 1/2-1/2

[Event "SVK Extraliga 2018/2019"]
[Site "?"]
[Date "2018.11.10"]
[Round "1.8"]
[White "Kostelny, Jozef"]
[Black "Fiacan, Robert"]
[Result "0-1"]
[WhiteElo "2211"]
[BlackElo "2213"]
[PlyCount "100"]
[EventDate "2018.??.??"]

1. d4 f5 2. Nf3 Nf6 3. g3 g6 4. Bg2 Bg7 5. O-O O-O 6. b3 d6 7. Bb2 Qe8 8. c4 e5
9. dxe5 Ng4 10. Nbd2 Nc6 11. a3 dxe5 12. e4 fxe4 13. Nxe4 Bf5 14. Re1 Rd8 15.
Qe2 Nd4 16. Nxd4 exd4 17. h3 Ne3 18. Qd3 Nxg2 19. Kxg2 Qf7 20. f3 b6 21. Re2 c5
22. Rae1 Bh6 23. Bc1 Bxc1 24. Rxc1 a5 25. a4 Qg7 26. Rce1 h6 27. g4 Bc8 28. Nd2
Bb7 29. Re6 Rf6 30. Re7 Rf7 31. R7e6 Kh7 32. h4 Rdf8 33. h5 Rf6 34. Re7 R8f7
35. Rxf7 Qxf7 36. Re5 Kg7 37. hxg6 Qxg6 38. Qe2 Qxg4+ 39. Kf2 Qh4+ 40. Kf1 Qh1+
41. Kf2 Qh2+ 42. Kf1 Qxe2+ 43. Kxe2 Kf7 44. Kf2 Re6 45. Rf5+ Kg7 46. Rf4 d3 47.
Ne4 Bxe4 48. fxe4 Rf6 49. Rxf6 Kxf6 50. Ke3 Ke5 0-1

[Event "SVK Extraliga 2018/2019"]
[Site "Bratislava"]
[Date "2018.11.10"]
[Round "1.4"]
[White "Likavsky, Tomas"]
[Black "Briestensky, Rastislav"]
[Result "0-1"]
[WhiteElo "2430"]
[BlackElo "2331"]
[PlyCount "68"]
[EventDate "2018.??.??"]

1. d4 Nf6 2. c4 e6 3. Nc3 Bb4 4. Qc2 b6 5. a3 Bxc3+ 6. Qxc3 Bb7 7. f3 d5 8.
cxd5 Nxd5 9. Qc4 f5 10. Nh3 O-O 11. Bg5 Qd7 12. Rc1 Nc6 13. Qa4 a6 14. g3 h6
15. Bd2 b5 16. Qd1 Nxd4 17. Bg2 e5 18. O-O Rad8 19. e3 Ne6 20. Qe2 c5 21. Ba5
Rc8 22. Rfd1 Qc6 23. f4 e4 24. Rd2 Nb6 25. g4 Nc4 26. Rxc4 bxc4 27. gxf5 Nc7
28. Nf2 Rce8 29. Qxc4+ Kh8 30. Nxe4 Qb5 31. Qc3 Bxe4 32. Bxe4 Rxe4 33. Bxc7
Rxf5 34. Be5 Rexe5 0-1

[Event "SVK Extraliga 2018/2019"]
[Site "Bratislava"]
[Date "2018.11.10"]
[Round "1.5"]
[White "Petran, Peter"]
[Black "Vymazal, Bronislav"]
[Result "1/2-1/2"]
[WhiteElo "2256"]
[BlackElo "2343"]
[PlyCount "124"]
[EventDate "2018.??.??"]

1. g3 d5 2. Bg2 e5 3. c4 d4 4. d3 c5 5. Nf3 Nc6 6. O-O Bd6 7. e3 Nge7 8. exd4
cxd4 9. a3 a5 10. Nbd2 O-O 11. Re1 Ng6 12. Rb1 Re8 13. Qc2 Bf8 14. b3 Bd7 15.
c5 Rc8 16. b4 axb4 17. axb4 b5 18. h4 h6 19. Nf1 Qc7 20. N1h2 Nge7 21. Bd2 Nd5
22. h5 Nf6 23. Qd1 Bf5 24. Rb3 Qd7 25. Nh4 Bh7 26. Ra3 e4 27. dxe4 Nxe4 28.
Bxe4 Bxe4 29. Ng2 Bh7 30. Rxe8 Rxe8 31. Nf4 Ne5 32. Ra6 Be4 33. f3 Bb7 34. Ra7
Qc6 35. Kf2 d3 36. Ra2 Nc4 37. Qb3 Ne5 38. Qd1 Nc4 39. Qb3 Qf6 40. Qc3 Ne5 41.
Ra1 g5 42. hxg6 fxg6 43. Re1 Bg7 44. Qb3+ Qf7 45. Qxf7+ Kxf7 46. Bc3 Rd8 47.
Rd1 Nxf3 48. Nxf3 Bxc3 49. Rxd3 Rxd3 50. Nxd3 Be4 51. Nfe1 Bd4+ 52. Ke2 Kf6 53.
Nc2 Bg1 54. Ne3 h5 55. Nf2 Bc6 56. Nh3 Bxe3 57. Kxe3 g5 58. Ng1 h4 59. gxh4
gxh4 60. Kf4 Ke6 61. Nf3 Kd5 62. Nxh4 Kc4 {Ke4} 1/2-1/2

[Event "SVK Extraliga 2018/2019"]
[Site "Bratislava"]
[Date "2018.11.10"]
[Round "1.6"]
[White "Chovan, Milan"]
[Black "Franzen, Jozef"]
[Result "1-0"]
[WhiteElo "2332"]
[BlackElo "2239"]
[PlyCount "79"]
[EventDate "2018.??.??"]

1. d4 Nf6 2. c4 g6 3. Nc3 Bg7 4. e4 d6 5. Nf3 O-O 6. Be2 Nbd7 7. O-O e5 8. Be3
c6 9. d5 cxd5 10. cxd5 Ng4 11. Bg5 f6 12. Bh4 Nh6 13. Nd2 g5 14. Bg3 f5 15.
exf5 Nxf5 16. Nde4 h6 17. Rc1 Nf6 18. Nxf6+ Bxf6 19. Bg4 Nd4 20. Ne4 Be7 21.
Kh1 Qa5 22. Bxc8 Raxc8 23. Rxc8 Rxc8 24. Qg4 Qd8 25. h4 Kg7 26. hxg5 hxg5 27.
f4 exf4 28. Bxf4 Qh8+ 29. Bh2 Rf8 30. Rxf8 Qxf8 31. Ng3 Bf6 32. Nh5+ Kh6 33.
Bg1 Nb5 34. Ng3 Qe8 35. Qh3+ Kg7 36. Nh5+ Kg6 37. Qd3+ Kxh5 38. Qh7+ Kg4 39.
Qh3+ Kf4 40. Qf3+ 1-0

[Event "SVK Extraliga 2018/2019"]
[Site "Bratislava"]
[Date "2018.11.10"]
[Round "1.7"]
[White "Jancovic, Peter"]
[Black "Gazik, Igor"]
[Result "0-1"]
[WhiteElo "2299"]
[BlackElo "2220"]
[PlyCount "68"]
[EventDate "2018.??.??"]

1. d4 Nf6 2. c4 g6 3. Nf3 Bg7 4. g3 O-O 5. Bg2 d6 6. O-O Nc6 7. Nc3 Bf5 8. Nh4
Bd7 9. e4 e5 10. d5 Nd4 11. f4 c6 12. Kh1 cxd5 13. cxd5 b5 14. fxe5 dxe5 15.
Nf3 b4 16. Nxd4 exd4 17. Ne2 Re8 18. Bg5 Qb6 19. Bxf6 Bxf6 20. Rc1 Bg5 21. Nf4
Bb5 22. Re1 d3 23. e5 Qd4 24. Re4 Qxb2 25. Rb1 Qc3 26. Rexb4 Bc4 27. d6 Rad8
28. Rxc4 Qxc4 29. Nxd3 Rb8 30. Bb7 Rxb7 31. Rxb7 Qd5+ 32. Kg1 Be3+ 33. Kf1 Qxb7
34. Qa4 Qf3+ 0-1

[Event "SVK Extraliga 2018/2019"]
[Site "Bratislava"]
[Date "2018.11.10"]
[Round "1.8"]
[White "Maslikova, Veronika"]
[Black "Privara, Igor"]
[Result "1-0"]
[WhiteElo "2249"]
[BlackElo "2207"]
[PlyCount "85"]
[EventDate "2018.??.??"]

1. e4 c5 2. Nc3 Nc6 3. Bb5 Nd4 4. Bc4 e6 5. Nge2 a6 6. a4 Nf6 7. d3 d5 8. Ba2
Nxe2 9. Kxe2 d4 10. Nb1 Bd7 11. Bg5 Be7 12. Nd2 O-O 13. Bb3 Qc7 14. a5 Bc6 15.
Bh4 Rae8 16. Bg3 Bd6 17. Nc4 Bf4 18. Kf1 g6 19. Qe2 Nh5 20. Ba4 Bxa4 21. Rxa4
f5 22. e5 Bxg3 23. hxg3 f4 24. Nd6 Re7 25. Rh4 fxg3 26. f3 Nf4 27. Qe4 Nd5 28.
Kg1 Ne3 29. Rh3 Nf5 30. Nc4 Rd7 31. Ra3 Rd5 32. Rb3 Rf7 33. Rb6 Qd7 34. b3 Qe7
35. Qg4 Qf8 36. Rxe6 Qc8 37. Rb6 Qe8 38. Qe4 Rfd7 39. Rxb7 Rxe5 40. Nxe5 Rxb7
41. Qxb7 Qxe5 42. Qxh7+ Kf8 43. Qh8+ 1-0

[Event "SVK Extraliga 2018/2019"]
[Site "?"]
[Date "2018.11.10"]
[Round "1.1"]
[White "Vajda, Levente"]
[Black "Svoboda, Svatopluk"]
[Result "1-0"]
[WhiteElo "2547"]
[BlackElo "2425"]
[PlyCount "59"]
[EventDate "2018.??.??"]

1. Nf3 g6 2. e4 c5 3. c3 d5 4. exd5 Qxd5 5. d4 Bg7 6. dxc5 Qxc5 7. Be3 Qc7 8.
Na3 a6 9. Nc4 Nd7 10. a4 Nh6 11. a5 Nf5 12. Bb6 Nxb6 13. Nxb6 Rb8 14. Bc4 O-O
15. O-O Nd6 16. Bb3 Bg4 17. h3 Bxf3 18. Qxf3 e6 19. Rfd1 Rbd8 20. Qf4 Qe7 21.
Qb4 Qc7 22. Ba4 Nc8 23. Nd7 Rfe8 24. Qc5 Qf4 25. Rd3 Bf8 26. Rd4 Bxc5 27. Rxf4
Bd6 28. Rc4 Be7 29. Rc7 Nd6 30. Nb6 1-0

[Event "SVK Extraliga 2018/2019"]
[Site "?"]
[Date "2018.11.10"]
[Round "1.2"]
[White "Kourousis, Epaminondas"]
[Black "Petenyi, Tamas"]
[Result "1/2-1/2"]
[WhiteElo "2391"]
[BlackElo "2428"]
[PlyCount "27"]
[EventDate "2018.??.??"]

1. Nf3 Nf6 2. g3 g6 3. b3 Bg7 4. Bb2 O-O 5. Bg2 d6 6. d4 c6 7. O-O Qc7 8. Nbd2
Re8 9. e4 Bg4 10. Re1 Nbd7 11. e5 Nd5 12. h3 Bxf3 13. Nxf3 dxe5 14. dxe5
1/2-1/2

[Event "SVK Extraliga 2018/2019"]
[Site "?"]
[Date "2018.11.10"]
[Round "1.3"]
[White "Varga, Zoltan"]
[Black "Jakab, Bela"]
[Result "1-0"]
[WhiteElo "2444"]
[BlackElo "2290"]
[PlyCount "63"]
[EventDate "2018.??.??"]

1. e4 e6 2. Qe2 d5 3. exd5 Qxd5 4. Nc3 Qd8 5. g3 Nf6 6. Bg2 Be7 7. Nf3 O-O 8.
d4 Nc6 9. Qd1 Nd5 10. Ne4 b5 11. O-O Rb8 12. c3 a5 13. Re1 Ba6 14. Bf1 Qc8 15.
Bg5 f6 16. Bc1 Re8 17. Bh3 Nd8 18. Qc2 c5 19. dxc5 Bxc5 20. Nxc5 Qxc5 21. Bf5
g6 22. Bxg6 hxg6 23. Qxg6+ Kf8 24. Nd4 Ke7 25. Bh6 Kd7 26. Rad1 Bb7 27. Nf5 Bc6
28. Bf4 e5 29. Qxf6 Qf8 30. Qxf8 Rxf8 31. Rxe5 Rb7 32. Re7+ 1-0

[Event "SVK Extraliga 2018/2019"]
[Site "?"]
[Date "2018.11.10"]
[Round "1.4"]
[White "Cibickova, Zuzana"]
[Black "Bagi, Mate"]
[Result "0-1"]
[WhiteElo "2243"]
[BlackElo "2444"]
[PlyCount "82"]
[EventDate "2018.??.??"]

1. d4 Nf6 2. c4 c5 3. d5 e6 4. Nc3 exd5 5. cxd5 d6 6. e4 g6 7. Nf3 Bg7 8. Be2
O-O 9. O-O Re8 10. Nd2 Nbd7 11. Qc2 Ne5 12. h3 g5 13. Nf3 Nxf3+ 14. Bxf3 g4 15.
hxg4 Nxg4 16. Bxg4 Bxg4 17. Bf4 a6 18. a4 Qf6 19. Bg3 h5 20. f3 Bd7 21. a5 Bb5
22. Rfe1 h4 23. Bh2 Rad8 24. Kh1 Bd7 25. Rad1 Kh8 26. Qf2 Qh6 27. Qe3 Qg6 28.
Qf4 Qh5 29. Qxd6 Ba4 30. Qxc5 Bxd1 31. Nxd1 Rc8 32. Qf2 Rc1 33. Nc3 Rxe1+ 34.
Qxe1 h3 35. g4 Qg5 36. Qf1 Kg8 37. Bc7 Qd2 38. Qe2 Qc1+ 39. Kh2 Rc8 40. Bd6
Bxc3 41. bxc3 Rxc3 0-1

[Event "SVK Extraliga 2018/2019"]
[Site "?"]
[Date "2018.11.10"]
[Round "1.6"]
[White "Janko, Zoltan"]
[Black "Csonka, Attila"]
[Result "1/2-1/2"]
[WhiteElo "2247"]
[BlackElo "2347"]
[PlyCount "40"]
[EventDate "2018.??.??"]

1. e4 c5 2. Nf3 e6 3. b3 Nc6 4. Bb2 a6 5. c4 b6 6. Be2 Bb7 7. O-O Qc7 8. d4
cxd4 9. Nxd4 Nxd4 10. Qxd4 Nf6 11. e5 Bc5 12. Qh4 Ne4 13. Bd3 g5 14. Qg4 h5 15.
Qe2 Qc6 16. Bxe4 Qxe4 17. Qxe4 Bxe4 18. Nc3 Bc6 19. Rfe1 Bb4 20. a3 Bxc3
1/2-1/2

[Event "SVK Extraliga 2018/2019"]
[Site "?"]
[Date "2018.11.10"]
[Round "1.7"]
[White "Farkas, Gabor"]
[Black "Szegi, Tamas"]
[Result "1-0"]
[WhiteElo "2373"]
[BlackElo "2170"]
[PlyCount "77"]
[EventDate "2018.??.??"]

1. Nf3 Nf6 2. g3 g6 3. Bg2 Bg7 4. O-O O-O 5. c4 d6 6. Nc3 Nc6 7. Rb1 e5 8. d3
a6 9. b4 h6 10. Qc2 Kh7 11. e3 Be6 12. Nd2 d5 13. b5 Ne7 14. bxa6 bxa6 15. cxd5
Nfxd5 16. Ba3 Re8 17. Rfc1 c6 18. Nce4 Qa5 19. Nc4 Qd8 20. Ned6 Rg8 21. Nb7 Qe8
22. Nc5 Nc8 23. Rb7 Bf8 24. Nxe5 Nd6 25. Nxe6 Nxb7 26. Nxf8+ Rxf8 27. Bxf8 Qxe5
28. Ba3 Nd8 29. e4 Nc7 30. Bb2 Qa5 31. Qc3 Qxc3 32. Bxc3 Nde6 33. Be5 c5 34. d4
Nb5 35. dxc5 Rc8 36. c6 Nbd4 37. Bxd4 Nxd4 38. Rc4 Nxc6 39. e5 1-0

[Event "SVK Extraliga 2018/2019"]
[Site "?"]
[Date "2018.11.10"]
[Round "1.8"]
[White "Kukel, Imre"]
[Black "Takacs, Laszlo"]
[Result "0-1"]
[WhiteElo "2295"]
[BlackElo "2275"]
[PlyCount "80"]
[EventDate "2018.??.??"]

1. e4 c5 2. Nf3 d6 3. d4 cxd4 4. Nxd4 Nf6 5. Nc3 a6 6. Be3 e6 7. g4 e5 8. Nf5
g6 9. g5 gxf5 10. exf5 d5 11. Qd3 d4 12. O-O-O Qb6 13. Na4 Qb4 14. b3 Nfd7 15.
Bg2 dxe3 16. Rhe1 Qd4 17. Qxd4 exd4 18. Rxd4 Nc6 19. Rxe3+ Kd8 20. Rde4 Ba3+
21. Kb1 Nc5 22. Rc4 Nxa4 23. Rxa4 Bd6 24. Rd3 Kc7 25. Rd5 Re8 26. Rh4 Ba3 27.
c3 Re1+ 28. Kc2 Ne7 29. Ra5 Bc1 30. Be4 Bxg5 31. Rg4 Bf6 32. Kd2 Rxe4 33. Rxe4
b6 34. Raa4 b5 35. Ra3 Bxf5 36. Re1 Rd8+ 37. Ke3 Nd5+ 38. Kf3 Bxc3 39. Rc1 Kb6
40. b4 Bb2 0-1

[Event "SVK Extraliga 2018/2019"]
[Site "Modra"]
[Date "2018.11.10"]
[Round "1.1"]
[White "Balogh, Csaba"]
[Black "Miton, Kamil"]
[Result "1/2-1/2"]
[WhiteElo "2629"]
[BlackElo "2590"]
[PlyCount "59"]
[EventDate "2018.??.??"]

1. e4 c5 2. Nf3 e6 3. d4 cxd4 4. Nxd4 Nc6 5. Nc3 Qc7 6. g3 a6 7. Bg2 Nf6 8. O-O
Nxd4 9. Qxd4 Bc5 10. Bf4 d6 11. Qd2 h6 12. Rad1 e5 13. Be3 Bg4 14. Bxc5 dxc5
15. Qd6 Qxd6 16. Rxd6 Nd7 17. f4 O-O-O 18. Nd5 Be6 19. Rd1 Nf6 20. fxe5 Nd7 21.
Nf4 Nxe5 22. Nxe6 fxe6 23. Bh3 Kc7 24. Rxd8 Rxd8 25. Rxd8 Kxd8 26. Bxe6 g5 27.
Kf2 a5 28. h4 Kc7 29. hxg5 hxg5 30. Ke3 1/2-1/2

[Event "SVK Extraliga 2018/2019"]
[Site "Modra"]
[Date "2018.11.10"]
[Round "1.2"]
[White "Antoniewski, Rafal"]
[Black "Michalik, Peter"]
[Result "1/2-1/2"]
[WhiteElo "2521"]
[BlackElo "2564"]
[PlyCount "54"]
[EventDate "2018.??.??"]

1. e4 c5 2. b3 g6 3. Bb2 Nf6 4. e5 Nd5 5. g3 Bg7 6. Bg2 Nb4 7. f4 d6 8. Nf3
N4c6 9. Na3 O-O 10. O-O dxe5 11. Nxe5 Nxe5 12. fxe5 Qc7 13. Qe2 Nc6 14. Rae1
Be6 15. Qb5 Qb6 16. Bxc6 bxc6 17. Qe2 c4+ 18. Rf2 cxb3 19. axb3 a5 20. Nc4 Qb5
21. Ba3 c5 22. Nb2 Rfb8 23. Qxb5 Rxb5 24. Rfe2 Bf5 25. d3 e6 26. Na4 Bf8 27.
Kg2 h5 1/2-1/2

[Event "SVK Extraliga 2018/2019"]
[Site "Modra"]
[Date "2018.11.10"]
[Round "1.3"]
[White "Rigo, Zsolt"]
[Black "Bulski, Krzysztof"]
[Result "1/2-1/2"]
[WhiteElo "2393"]
[BlackElo "2544"]
[PlyCount "34"]
[EventDate "2018.??.??"]

1. e4 e5 2. Nf3 Nc6 3. Bb5 a6 4. Ba4 Nf6 5. d3 d6 6. c3 Be7 7. O-O O-O 8. Re1
b5 9. Bc2 Re8 10. Nbd2 Bf8 11. a4 Bb7 12. d4 exd4 13. cxd4 Nb4 14. Bb1 c5 15.
d5 Nd7 16. Ra3 Be7 17. Nf1 Nb6 1/2-1/2

[Event "SVK Extraliga 2018/2019"]
[Site "Modra"]
[Date "2018.11.10"]
[Round "1.4"]
[White "Jurcik, Martin"]
[Black "Stohl, Igor"]
[Result "1/2-1/2"]
[WhiteElo "2333"]
[BlackElo "2503"]
[PlyCount "43"]
[EventDate "2018.??.??"]

1. e4 e5 2. Nf3 Nf6 3. Nxe5 d6 4. Nf3 Nxe4 5. Qe2 Qe7 6. d3 Nf6 7. Bg5 Qxe2+ 8.
Bxe2 Be7 9. Nc3 c6 10. Ne4 Nbd7 11. Nxf6+ Bxf6 12. c3 Bxg5 13. Nxg5 Nf6 14. Ne4
Nxe4 15. dxe4 Be6 16. a3 d5 17. exd5 Bxd5 18. f3 O-O-O 19. O-O-O Bb3 20. Rxd8+
Rxd8 21. Bd1 Bxd1 22. Rxd1 1/2-1/2

[Event "SVK Extraliga 2018/2019"]
[Site "Modra"]
[Date "2018.11.10"]
[Round "1.5"]
[White "Kozak, Adam"]
[Black "Matejovic, Juraj"]
[Result "1-0"]
[WhiteElo "2444"]
[BlackElo "2250"]
[PlyCount "87"]
[EventDate "2018.??.??"]

1. Nf3 Nf6 2. g3 g6 3. Bg2 Bg7 4. O-O O-O 5. d4 d6 6. Re1 Nbd7 7. e4 e5 8. Nc3
exd4 9. Nxd4 Re8 10. h3 Nb6 11. a4 a5 12. Ndb5 Bd7 13. Nd4 c6 14. f4 Qc7 15.
Qd3 Rad8 16. Be3 Bc8 17. Rad1 Nfd7 18. b3 Nc5 19. Qf1 Na6 20. Re2 Nb4 21. Qf2
Nd7 22. Ndb5 cxb5 23. Nxb5 Qc6 24. Rxd6 Nf6 25. e5 Ne4 26. Bxe4 Qxe4 27. Bb6
Rxd6 28. Rxe4 Rd1+ 29. Re1 Rxe1+ 30. Qxe1 Bxh3 31. Bxa5 Nc6 32. Nd6 Ra8 33. Bb6
g5 34. Qe4 gxf4 35. gxf4 Rf8 36. Nxb7 Ne7 37. Bc5 Bf5 38. Qb4 Nd5 39. Qd4 Nc7
40. Bxf8 Ne6 41. Qd2 Bxf8 42. Nd6 Bg4 43. f5 Ng7 44. Qg5 1-0

[Event "SVK Extraliga 2018/2019"]
[Site "Modra"]
[Date "2018.11.10"]
[Round "1.6"]
[White "Kantorik, Marian"]
[Black "Schwarz, Dusan"]
[Result "0-1"]
[WhiteElo "2209"]
[BlackElo "2313"]
[PlyCount "68"]
[EventDate "2018.??.??"]

1. d4 d5 2. c4 c6 3. Nf3 Nf6 4. Nc3 e6 5. Bg5 dxc4 6. e4 b5 7. e5 h6 8. Bh4 g5
9. exf6 gxh4 10. Ne5 Qxf6 11. g3 Nd7 12. Qe2 Nxe5 13. dxe5 Qe7 14. Bg2 Bb7 15.
a4 Bg7 16. O-O O-O 17. f4 hxg3 18. hxg3 a6 19. Ne4 c5 20. f5 exf5 21. Rxf5 Bxe4
22. Bxe4 Rad8 23. Raf1 Rd4 24. Qf3 Qe6 25. Rh5 Bxe5 26. Bf5 Qd6 27. Re1 Bg7 28.
Be4 Rd8 29. Rf5 Rd1 30. Rxd1 Qxd1+ 31. Qxd1 Rxd1+ 32. Kf2 Bxb2 33. Ke2 Rd4 34.
Bd5 bxa4 0-1